Statistics for Premier League Players by Number - 9

Click here to take the quiz!

General Stats

  • This quiz has been taken 30 times
  • The average score is 13 of 16

Answer Stats

PositionClubNationPlayer% Correct
FWLeicester CityEnglandJamie Vardy
95%
FWLiverpoolBrazilRoberto Firmino
95%
FWChelseaBelgiumRomelu Lukaku
95%
FWArsenalFranceAlexandre Lacazette
91%
FWManchester UnitedFranceAnthony Martial
91%
FWBurnleyNew ZealandChris Wood
86%
FWEvertonEnglandDominic Calvert-Lewin
86%
FWManchester CityBrazilGabriel Jesus
86%
FWLeeds UnitedEnglandPatrick Bamford
86%
FWWolvesMexicoRaul Jimenez
82%
FWCrystal PalaceGhanaJordan Ayew
73%
FWBrighton & Hove AlbionFranceNeal Maupay
73%
FWNewcastle UnitedEnglandCallum Wilson
68%
FWWest Ham UnitedJamaicaMichail Antonio
68%
FWSouthamptonEnglandAdam Armstrong
59%
FWBrentfordFinlandMarcus Forss
23%

Score Distribution

Percentile by Number Answered

Percent of People with Each Score

Your Score History

You have not taken this quiz